| 000 | 00318nam a22001097a 4500 | ||
|---|---|---|---|
| 082 |
_a349.5491 _bGEN |
||
| 245 | _aThe General Clauses Act, 1897 with The Punjab General Clauses Act, 1956 Bare Act / | ||
| 260 |
_aLahore : _bIrfan Law Book House, _cN.A. |
||
| 300 |
_a51 p. ; _c23 cm. |
||
| 563 | _aPBK. | ||
| 942 |
_2ddc _cBK |
||
| 999 |
_c592426 _d592426 |
||